000 00374 a2200157 4500
001 154726
040 _cEscola São Tomás de Aquino
100 _aBAGNO, Marcos
240 1 0 _aO processo da independência do Brasil
_lpor
245 1 0 _aO processo da independência do Brasil
300 _a55
362 0 _a2000
440 1 _aÁtica
697 _aHISTÓRIA
942 _cBK
999 _c154726
_d154726